000 00744nam a2200229Ia 4500
003 OSt
005 20220918200627.0
006 a|||||r|||| 00| 0
007 ta
008 220917b |||||||| |||| 00| 0 eng d
024 _a89,605
037 _cTextual
040 _aARTS
_cARTS
_beng
041 _2eng
_aeng
082 _aU287p1:N55, K0 (UD)
100 _aPfeffer Richard L ed
_994917
245 0 _aDynamics of climate
_b the proceedings of a conference on the application of numerical integration techniques to the problem of the general circulation held October 26-28, 1955
260 _c1960
650 _aGEOGRAPHY
942 _hU287p1:N55, K0 (UD)
_cTEXL
_2CC
999 _c213275
_d213275